=LDR 00000nam 2200000 4500 =001 NUTBA000000000003077 =005 20260423124155 =035 ##$$a 0010-071400000000265 =008 260423################g##########0#ind## =020 ##$$a 978-979-007-453-8 =082 ##$$a 344.046 =100 #$$a Helmi =245 1#$$a Hukum perizinan lingkungan hidup /$c Helmi =250 ##$$a cet.1 =260 ##$$a Jakarta :$b Sinar Grafika,$c 2012 =300 ##$$a x, 308 hlm. : $b ilus ; $c 23 x 15 cm =084 ##$$a 344.046 HEL h =650 #4$$a Hukum lingkungan =990 ##$$a 21302515 =990 ##$$a 21302518 =990 ##$$a 21302516 =990 ##$$a 21302517 =990 ##$$a 21302514 =990 ##$$a 21302515 =990 ##$$a 21302518 =990 ##$$a 21302516 =990 ##$$a 21302517 =990 ##$$a 21302514